000 00506nam a22001577a 4500
999 _c533785
_d533785
020 _qHard Cover.
082 _a624.1
100 _aHafiz Muhammad Rashid
245 _aLateral load performance of dhajji dewari /
_cHafiz Muhammad Rashid.
260 _aIslamabad:
_bNICE - NUST,
_c2016.
300 _a43 p.:
_bill. ;
_c30cm.
942 _2ddc
_cTHE
650 _aStructural Engineering MS-Thesis.
_917039
700 _aDr. Rao Arsalan Khushnood
_917040